| 000 | 00414nam a2200181Ia 4500 | ||
|---|---|---|---|
| 008 | 210210b1907 xxu||||| |||| 00| 0 eng d | ||
| 041 | _aeng | ||
| 082 | _a516/41 | ||
| 100 | _aHOSKINS (L M) | ||
| 245 | _aElements of grapic statics | ||
| 260 |
_aLondon _bMacmillan & Co. Ltd. _c1907 |
||
| 650 | _astatics | ||
| 650 | _aof | ||
| 650 | _agrapic | ||
| 650 | _aElements | ||
| 690 | _astatics | ||
| 906 | _a007758 | ||
| 999 |
_c140394 _d140394 |
||